000 00500nam a2200169 a 4500
001 0000-9127
003 ELIB.Books
008 110520 1956
035 _a(ELIB.Books)0000-9279
082 _a268.432
_bSod
100 _aSoderholm, Marjorie E.
245 _aUnderstanding the pupil (Part-2), Part III
260 _bGrand Rapids: Baker Book House Company
_c1956
650 _aChristian Education - Children
942 _2ddc
_cBK
998 _cbat
_e2011-05-20
_mcat
_u2020-07-21
999 _c9127
_d9127